[Event "BIH-chT 2nd"]
[Site "Jahorina"]
[Date "2003.06.21"]
[Round "1"]
[White "Atalik, Suat"]
[Black "Markus, Robert"]
[Result "0-1"]
[WhiteElo "2568"]
[BlackElo "2472"]
[Annotator "Atalik,S"]
[PlyCount "110"]
[EventDate "2003.06.21"]
[EventType "team-tourn"]
[EventRounds "9"]
[EventCountry "BIH"]
[SourceTitle "CBM 094 Extra"]
[Source "ChessBase"]
[SourceDate "2003.07.09"]
[SourceVersion "2"]
[SourceVersionDate "2003.07.09"]
[SourceQuality "1"]
[WhiteTeam "Sarajevo Napredak"]
[BlackTeam "Bijeljina SK Panteri"]
[WhiteTeamCountry "BIH"]
[BlackTeamCountry "BIH"]

1. d4 d5 2. c4 c6 3. Nf3 Nf6 4. Nc3 e6 {This Semi-Slav became a bete noire for
me. Whenever I go for pawn sac in Moscow variation no matter what happens I
lose. To make it worst I have pretty decent score in white side of Meran.} 5.
Bg5 {So after all we go again.} h6 6. Bh4 dxc4 7. e4 g5 8. Bg3 b5 9. Be2 {
This little move is important.} Bb7 10. Ne5 $5 {Topalov's favorite.While
working for Van Wely I have discovered some subtleties in this opening.} Nbd7 (
10... b4 $2 11. Na4 Nxe4 (11... c5 12. Nxc5 Bxc5 13. dxc5 Qxd1+ 14. Bxd1 $1 $16
) 12. Bh5 $16) 11. h4 {Actually the point in this move order is just to
eliminate out g4 for black.} g4 $5 {He goes anyway for g4.This is an
interesting concept usually applied by IM Shalimov.} 12. Nxd7 $1 {The correct
capture.} Nxd7 {Also the best.} (12... Qxd7 13. Be5 Bg7 (13... Be7 14. Bxg4 Rg8
15. Bf3 $16) 14. Bxg4 $16) 13. Bxg4 (13. d5 $2 {I have lost on this move some
substantial amount of time.} exd5 $1 (13... cxd5 14. O-O Bg7 15. Nxb5 O-O 16.
exd5 exd5 17. Nc7 Rc8 18. Nxd5 $13) 14. exd5 Bg7 15. O-O O-O 16. dxc6 Bxc6 17.
Qd6 Qf6 $15) 13... Qb6 14. O-O Rg8 15. Bh5 Nf6 {Since the exchange sac does
not work black goes down.} 16. Be5 Nxh5 17. Qxh5 Rd8 (17... b4 $2 {is bad.} 18.
Na4 Qb5 19. Nc5 $1 Bxc5 20. dxc5 Qxc5 21. Rfd1 $16) 18. Rad1 $1 {On of the
most important cases in chess is to chose between two rooks which can go to
the same square. I have figured out that I need kings rook for possible
operations on the kingside.} (18. a4 $6 b4 $1 (18... a6 $6 19. a5 Qa7 20. Bc7
Rd7 21. Bb6 Qb8 $16) 19. a5 Qa6 20. Na4 c5 21. Nxc5 Bxc5 22. dxc5 Bxe4 23. g3
Bb7 $17) 18... Rd7 19. Rfe1 {White augments his pressure.} (19. f4 $5 c5 20. d5
b4 21. dxe6 Qxe6 22. Nd5 Bxd5 23. Rxd5 Rxd5 24. exd5 Qxd5 (24... Qg4 25. Qxg4
Rxg4 26. Rc1) 25. Rf2 $16) 19... Kd8 20. Re3 Rg6 21. Rf3 Ke8 22. Re1 {I
decided not to hurry for a while because black has a very confined position.} (
22. Ne2 c5 23. Nf4 Bxe4 24. Nxg6 Bxg6 (24... Bxf3 25. Qxf3 (25. gxf3 $5 fxg6
26. Qxg6+ Kd8 27. Qg8 Ke8 28. Bf6 cxd4 29. Qg6+ Rf7 30. Rxd4 $16) 25... fxg6
26. Qf6 Bg7 27. Qxg6+ Kf8 28. Bxg7+ Rxg7 29. Qf6+ Kg8 30. dxc5 Qc6 31. g3 Kh7
32. Rd6 $18) 25. Qg4 h5 26. Qf4 $16) 22... c5 23. d5 b4 {Now comes the
critical position. White has to find a clear way to win the game.} 24. Na4 ({
Black can defend himself against direct attempts.} 24. dxe6 Qxe6 $8 (24... Rxe6
$2 25. Nd5 $18) 25. Nd5 (25. Nb5 Kd8) 25... Bxd5 26. exd5 Rxd5 27. Rf5 Be7 $13)
(24. Ne2 exd5 25. exd5 (25. Nf4 $2 dxe4 26. Nxg6 Qxg6 27. Qxg6 fxg6 28. Rfe3
Kf7 $17) 25... Bxd5 26. Nf4 Bxf3 27. Qxf3 $1 Be7 28. Nxg6 fxg6 (28... Qxg6 $2
29. Bf6 $18) 29. Bf6 $18 {Black looks like being paralysed.} (29. h5 g5 30. Bf6
$18)) (24. Nd1 $5 exd5 25. exd5 Bxd5 26. Bf6+ Be6 27. Ne3 $44) 24... Qa6 25.
Ree3 $4 {A ridiculous piece sac. The worst is that I have planned that many
moves before.} (25. Rf6 $1 Rxf6 26. Bxf6 Ba8 (26... Qxa4 27. dxe6 Rc7 28. Rd1
$18) (26... Bc8 27. Nxc5 Bxc5 28. dxe6 Bxf2+ 29. Kxf2 Rd2+ 30. Kg1 Qb6+ 31. Kh1
Bxe6 32. Rf1 $18) 27. Qg4 Qxa4 28. Qg8 Qa6 29. Bg7 ({Things are not that clear
if white tries to prevent Qd6.} 29. e5 $2 Bxd5 30. Bg7 Rd8 31. Qxf8+ Kd7 32.
Qxf7+ Kc6 $13) 29... Qd6 30. e5 Qe7 31. d6 Rxd6 32. exd6 Qxd6 33. Bxh6 $18) ({
Well of course} 25. b3 {never crossed to my mind.} c3) 25... Qxa4 26. Rxf7 Rxf7
27. Qxg6 exd5 {After this I have realised that my intended 28.ed5 loses
immediately.} 28. Rf3 {This loses too but at least prolongues the game.} (28.
exd5 Qd1+ 29. Kh2 Qxd5 {This I have missed, white does not have a decent
discovered check.} (29... Bxd5 30. Bd6+ Kd7 31. Bxf8 Rxf8) 30. f3 Kd7 $19) (28.
Qe6+ Be7 29. Rg3 Qc6 $19) (28. Bd6 dxe4 $19) 28... Qd7 29. Rf6 dxe4 30. Bd6
Bxd6 ({Of course he did not fall into the only trick in the position.} 30...
Bg7 $4 31. Qxg7) 31. Rxd6 Qf5 $19 32. Qg8+ Rf8 33. Qg3 c3 34. bxc3 bxc3 35. Rd1
c2 $1 (35... Qf4 36. Qg6+ Rf7 37. Qg8+ Ke7 38. Qd8+ Ke6 39. Qe8+ Kf6 $19) 36.
Rc1 e3 (36... Qd5 $19 {Almost anything wins.}) (36... Qf4 37. Qg6+ Ke7 38. Rxc2
e3 39. Re2 Be4 $19) 37. Qb8+ Bc8 38. fxe3 Qf2+ 39. Kh2 Qxh4+ 40. Kg1 Qd8 ({
After} 40... Qf2+ 41. Kh2 {I had to immediately resign the game.} Qf5 $19) 41.
Qb5+ Qd7 42. Qe2 Qf5 43. Rxc2 Bd7 44. Rd2 Ke7 45. e4 Qf4 46. Qd3 Be6 47. Qc3
Qg5 48. e5 Rf5 $2 (48... Bc4 $1 $19) 49. Qxc5+ Kf7 {I have collected too many
pawns but still I have a lost game.} 50. Qxa7+ (50. Qc7+ Kg6 51. Qc2 Qe3+ 52.
Kh1 Qe1+ 53. Kh2 Qxe5+ $19) ({Under these circumstances best should be} 50. Rf2
$142 Kg6 51. Rxf5 Qxf5 52. Qxa7 $19) 50... Kg6 51. Qd4 Rxe5 52. Rf2 Qe3 $19 {
Curtains!} 53. Qd8 Rf5 54. Qe8+ Kg7 55. Qe7+ Rf7 0-1

[Event "Negroponte op"]
[Site "Chalkis"]
[Date "2010.08.17"]
[Round "9"]
[White "Khismatullin, Denis Rimovich"]
[Black "Atalik, Suat"]
[Result "0-1"]
[WhiteElo "2667"]
[BlackElo "2607"]
[Annotator "Atalik,S"]
[PlyCount "82"]
[EventDate "2010.08.09"]
[EventType "swiss"]
[EventRounds "9"]
[EventCountry "GRE"]
[SourceTitle "CBM 137 Extra"]
[Source "ChessBase"]
[SourceDate "2010.09.01"]
[SourceVersion "1"]
[SourceVersionDate "2010.09.01"]
[SourceQuality "1"]

{Everybody has a game of his life, I claim that this is my swan song. I was
ahead of the field and my mighty opponent could make a prize if he would have
won this game. I have listened to my wife's advice not to push the things in
case of a drawing opportunity rose up.} 1. d4 d5 2. c4 e6 {I had tthe
intention to start like this but still I would go for a Semi-Slav.} 3. Nc3 ({
I have to learn more about Catalan.} 3. Nf3 Nf6 4. g3 Be7 5. Bg2 O-O 6. O-O
dxc4 7. Qc2 a6 8. Qxc4 b5 9. Qc2 Bb7 10. Bd2 (10. Bf4 Nc6 11. Rd1 Nb4 12. Qc1
Rc8 13. Nc3 Nbd5 14. Nxd5 Bxd5 15. Be3 Ng4 $13) 10... Bd6 $13) 3... c6 {
An invitation for Marshall gambit.} 4. Nf3 (4. e4 dxe4 5. Nxe4 Bb4+ 6. Bd2 (6.
Nc3 c5 7. a3 Bxc3+ 8. bxc3 Nf6 9. Nf3 O-O 10. Bd3 b6 11. O-O Bb7 12. Bg5 Nbd7
13. Ne5 Qc7 14. Re1 $14 {is considered to be better for White in a line very
similar to Nimzo.}) 6... Qxd4 7. Bxb4 Qxe4+ 8. Be2 (8. Ne2 $5 Na6 9. Bf8 Ne7
10. Bxg7 Rg8 $5 11. Qd4 (11. Bf6 Rg6 12. Qd4 Qxd4 13. Bxd4 c5 14. Bc3 Nb4 15.
Kd2 e5 $1 16. Bxe5 Nec6 17. Bg3 Bf5 18. Nf4 O-O-O+ 19. Kc3 Rgd6 $44) 11... Qxd4
12. Bxd4 c5 13. Bc3 Nb4 14. Kd2 e5 15. Bxe5 Bf5 16. Ng3 O-O-O+ 17. Kc3 Bg6 18.
a3 Nec6 19. Bf4 Nc2 20. Rc1 N2d4 $44) 8... Na6 9. Ba5 (9. Bd6 Qxg2 {leads to
famous Pavasovic wins.} 10. Qd3 $5 {A recent try to resurrect the line.} (10.
Qd2 $6 Nf6 11. Bf3 Qg6 12. O-O-O e5 $1 13. Ne2 Bg4 14. Rhg1 O-O-O 15. Qe3 h5
16. h3 Rxd6 17. Rxd6 Nb4 18. Qb3 Qh6+ 19. Kd1 Bxf3 20. Qxf3 Qh7 $40) 10... Qg6
$5 $13 {Strangely noone tried this move.}) (9. Bc3 Ne7 10. Nf3 O-O 11. O-O Ng6
12. Re1 f6 13. b4 e5 $13) (9. Ba3 c5 10. Qd6 Bd7 11. O-O-O O-O-O $13) (9. Bf8
Ne7 10. Bxg7 Rg8 11. Bf6 Rg6 12. Bc3 e5 13. Nf3 Bf5 $13) 9... b6 10. Qd6 Bd7 $1
11. Bc3 f6 12. Nf3 $1 (12. O-O-O $6 O-O-O 13. Qa3 (13. b4 c5) 13... Kb7 14. Bf3
Qf4+ 15. Rd2 Qc7 16. Ne2 e5 17. Ng3 Nh6 $17) 12... Rd8 (12... Ne7 13. O-O-O
Qxe2 14. Qxd7+ Kf7 15. Rhe1 Qxc4 16. Re3 Rhe8 17. b3 Qg4 18. h3 Qf4 19. Rd4 Qh6
20. Qxe6+ Kf8 21. Qd6 $16 {is very annoying.}) 13. Qg3 Qg6 14. Nh4 Qxg3 15.
hxg3 Kf7 $13) 4... Nf6 5. Bg5 h6 6. Bh4 $5 {This is a line I had 0% till today.
} dxc4 7. e4 g5 8. Bg3 b5 {Now White has a wide variety of choices.} 9. Be2 (9.
e5 Nd5 $1 10. Nd2 Bb7 11. Be2 Nd7 12. Bh5 (12. O-O Qb6 13. a4 a6 14. Nde4 O-O-O
15. Qd2 (15. Bh5 Nf4 16. Bxf7 Nxe5 17. Bxe6+ Kb8 18. Ne2 Bg7 19. Nxf4 gxf4 20.
Bxf4 Qxd4 $5 {is also terribly messy.}) 15... c5 16. axb5 axb5 17. Nxd5 Bxd5
18. Nc3 Bb7 19. d5 Bg7 20. b3 Bxe5 21. bxc4 b4 22. Bxe5 Nxe5 23. Qe3 Nd7 24.
Nb5 exd5 25. cxd5 Rhe8 26. Qg3 Ne5 $13 {Black may survive this.}) 12... Qb6 13.
Qf3 O-O-O $1 $132) (9. Ne5 $5 {The immediate jump has also its fine points.}
Bb7 10. h4 g4 11. Be2 {transposes to the game.}) 9... Bb7 10. h4 $5 {They
usually go for} ({the more patient} 10. O-O Nbd7 11. Ne5 Bg7 {is the main line.
} (11... h5 $5 12. Nxd7 (12. h3 g4) (12. h4 gxh4) 12... Qxd7 13. Be5 (13. Qc1
Rg8 14. Rd1 (14. Qe3 Bb4) 14... Bb4 15. Qe3 Qe7 16. h3 h4 17. Be5 (17. Bh2 Bxc3
18. bxc3 g4) 17... Nd7 18. Bh2 Nf6 $14 {and Black defends himself.}) (13. b3 $5
Bb4 14. Be5 Rh6 15. Qc2 Ng4 16. Bxg4 hxg4 17. Rad1 $5 (17. Rfd1 f6 18. Bg3 cxb3
19. Qxb3 a5 20. a3 Be7 21. d5 cxd5 22. exd5 Kf7 23. dxe6+ Qxe6 24. Qxe6+ Kxe6
25. Nxb5 Rah8 26. Nd6 Bxd6 27. Rxd6+ Kf5 $16) 17... f6 18. Bg3 cxb3 19. Qxb3 a5
20. a3 Be7 21. d5 $44) 13... Rh6 14. Qc1 $5 (14. f3 h4) (14. Qc2 Ng4 15. Bxg4
hxg4) (14. f4 g4 15. f5 O-O-O) 14... Rg6 15. Bxf6 Rxf6 16. Qxg5 Rg6 17. Qe3
O-O-O 18. Rad1 h4 19. Bf3 Bh6 20. Qe2 f5 21. d5 exd5 22. exd5 Rd6 23. dxc6 Bxc6
24. Rxd6 Qxd6 25. Rd1 Qf6 26. Rxd8+ Kxd8 27. Bxc6 Qxc6 28. Qe5 a6 29. Qxf5 Bc1
30. Qc2 $40) 12. Nxd7 Nxd7 13. Bd6 a6 14. Re1 Bf8 15. Bg3 Bg7 16. Bd6 Bf8 $11 {
may end up in an ugly repetition.}) 10... g4 11. Ne5 Rg8 (11... Nbd7 $5 {
is the twin line with the same idea of giving up a pawn and creating
counterplay over the open g-line.} 12. Nxd7 Qxd7 13. Be5 Qe7 14. Bxg4 Rg8 15.
Bf3 Nd7 16. Bg3 O-O-O 17. Qc2 e5 18. d5 Nc5 $13) 12. Nxg4 (12. O-O Nbd7 13.
Nxg4 b4 14. Na4 Nxe4 15. Bxc4 Qa5 16. Rc1 O-O-O 17. Bh2 Bd6 18. Bd3 Bxh2+ 19.
Nxh2 Qd5 $1 20. Qf3 f5 $13 {and Black is just hanging around.}) (12. Bxg4 Nbd7
13. Nxd7 (13. Bf3 $2 Rxg3 14. fxg3 Nxe5 15. dxe5 Nd7 $17) 13... Qxd7 14. Bf3 b4
15. Na4 c5 $1 16. Nxc5 Bxc5 17. dxc5 Bxe4 18. Qxd7+ Kxd7 19. Rc1 (19. O-O-O+
Kc6) 19... c3 20. bxc3 Bxf3 21. gxf3 bxc3 22. Rxc3 Kc6 23. Ke2 Nd5 24. Rb3 e5
$44 {it is not clear who is better and why.}) 12... Nbd7 13. Nxf6+ Qxf6 $5 (
13... Nxf6 {is another option. Although did not appeal to me before the game
it deploys the knight somewhere.} 14. Bf3 Qb6 15. Qd2 {looks dangerous to me.}
{Especially after} O-O-O $6 16. Qf4) 14. e5 (14. O-O O-O-O) 14... Qf5 15. Bf3
O-O-O {Here my opponent who already spent some serious amount of time repeated
the moves to gain on the clock.} 16. Be4 Qg4 17. Bf3 Qf5 (17... Qg7 $2 18. Qe2
{and the queen sank!}) 18. Qe2 Nb6 (18... Qd3 $2 19. Qxd3 cxd3 20. O-O-O $18)
19. Rd1 $1 {The correct approach. White's king belongs to the kingside.} (19.
O-O-O $6 Nd5 (19... h5 20. Qc2)) (19. a4 $6 Rxd4 20. O-O (20. axb5 cxb5 21.
Rxa7 Bxf3 22. Qxf3 Qxf3 23. gxf3 Bb4 24. O-O Bxc3 25. bxc3 Rd7 $17) 20... Bc5
$40) 19... Nd5 {I had another serious alternative.} (19... b4 $2 20. Ne4 Ba6
21. Nf6 Rxg3 22. fxg3 $18) (19... c5 $5 20. Nxb5 $1 (20. Bxb7+ $2 Kxb7 21. Nxb5
cxd4) 20... Bxf3 21. gxf3 (21. Qxf3 Qxf3 22. gxf3 cxd4 23. Rxd4 Rxd4 24. Nxd4
Bc5 $13) 21... cxd4 22. Nxd4 Qh7 23. h5 $1 $13 {White is ready for the rook
lift with Rh4-g4.} (23. O-O $2 Bc5 $17)) 20. O-O (20. Ne4 $5 Bb4+ 21. Kf1 {
is worth to consider.}) 20... Nxc3 (20... Be7 21. Ne4) 21. bxc3 Ba3 22. Kh2 $5
{A deep move.} (22. Qe3 c5 23. Bxb7+ Kxb7 24. dxc5 Kc6 25. Rd6+ Rxd6 26. cxd6
Bc5 27. Qf4 Rg4 28. Qxf5 exf5 29. Rd1 Kd7 30. Rd5 Bb6 31. Rxb5 f4 32. Bh2 f3
33. Kf1 (33. Kh1 Rxg2 34. Bg3 Bxf2 35. Rb7+ Ke8 36. Bxf2 Rxf2 37. Re7+ Kd8 $1 (
37... Kf8 $2 38. Rxa7 Ke8 39. Re7+ Kf8 40. Rc7 Ke8 41. Rxc4 Rxa2 42. Rc8+ Kd7
43. Rf8 $18) 38. Rxa7 Re2 39. Rxf7 Rxe5 40. Rxf3 Re4 $1 $11) 33... Rxh4 34. Bg1
fxg2+ 35. Kxg2 Rg4+ 36. Kf1 Rf4 37. Rb4 Kc6 $44) 22... c5 (22... Rd5 $5 {
is too good to be true.} 23. Bxd5 cxd5 $44) 23. Bxb7+ Kxb7 24. dxc5 (24. Rb1
Kc6) 24... Rd3 25. Rxd3 cxd3 (25... Qxd3 $2 26. Qh5 $18) 26. Qe3 Kc6 $1 {
The pawns should be blocked.} (26... Rd8 $2 27. c6+ Kxc6 28. Qxa7 d2 29. Qa6+
Kc7 30. Qxa3 d1=Q 31. Qc5+ Kb7 32. Qxb5+ Kc7 33. Qc4+ Kb7 34. Rxd1 Rxd1 35.
Qb3+ $18 {is along line and it works.}) (26... Rc8 27. Rd1 Bxc5 28. Qxd3 Qxd3
29. Rxd3 $16) 27. c4 $1 {White is supposed to open the roads for Black's
majesty.} (27. Qxh6 Bxc5 (27... Rd8 28. Rd1 d2) 28. Qd2 Qe4 $132 (28... Be7 29.
Rd1)) (27. Rd1 Rd8 28. Qxh6 Qg4 (28... d2 29. Rxd2 Bc1 30. Rd6+ Rxd6 31. Qxc1
Rd7 32. Qa3 Qe4 $13 {scared me during the game but it is very playable.}) 29.
Qd2 Bxc5 30. f3 Qc4 $44) 27... Bxc5 $6 {I have thought for a long time for the
obvious exchange sac.} (27... bxc4 $1 28. Qd4 Bxc5 29. Qxc4 Rxg3 30. Kxg3 (30.
Rc1 $4 Qxf2) 30... Qxe5+ 31. Kh3 (31. f4 Qe3+ 32. Rf3 Qe1+ 33. Kh3 d2 34. Qa4+
Kc7 35. Rd3 Qh1+ 36. Kg3 Qe1+ $11) (31. Qf4 $2 {could easily turn out to be
dangerous for White.} Qxf4+ 32. Kxf4 Kd5 33. g4 Kd4 34. Kf3 e5 $19) 31... d2 (
31... Qf5+ 32. Kh2 d2 33. Qc3) 32. Qa6+ Kd7 (32... Kc7 $2 33. Qa5+) (32... Kd5
33. Qb7+ Kd6 (33... Kd4 $2 34. Qb2+) 34. Qf3 $13) 33. Qd3+ Bd6 34. g3 Qe1 $11)
(27... a6 $2 28. cxb5+ axb5 29. Qd4 $18) 28. cxb5+ Kb6 29. Qd2 $6 {White might
have gone for the pawn and it should have been a real test for Black's
strategy.} (29. Qxh6 $142 Rd8 30. Qd2 Qg4 31. Rd1 Bb4 (31... Qe2 $6 32. Qxe2
dxe2 33. Re1 Rd2 34. h5 Rxa2 35. h6 Bf8 36. h7 Bg7 37. f4 Kxb5 38. Bh4 $18) (
31... Kxb5 32. Rb1+ (32. Rc1 Bb6) 32... Kc6 33. f3 Qd4 $44) 32. Qc1 Bc5 33. f3
Qa4 34. Bf2 Qxb5 $44) 29... Rd8 30. f3 Rd4 31. Rc1 Qh5 32. Kh3 Qf5+ 33. Kh2 Qh5
34. f4 $2 {Trying to win for all costs White overextended himself with this
move.} (34. Rxc5 Rxh4+ 35. Kg1 (35. Bxh4 $2 Qxh4+ 36. Kg1 Qd4+ 37. Kf1 (37. Qf2
Kxc5 38. Kf1 Qxf2+ 39. Kxf2 Kxb5) 37... Kxc5 $17) 35... Rh1+ 36. Kf2 Kxc5 37.
Qc3+ Kxb5 38. Qxd3+ Ka5 39. Ke2 Qg6 40. Qc3+ Kb5 41. Bf2 Qxg2 42. Qc5+ Ka4 43.
Qxa7+ Kb4 44. Qb7+ Ka5 $11 {and White has to give perpetual.}) 34... Qe2 $19
35. Qxe2 $2 {One mistake follows the other.} (35. Be1 Qxd2 36. Bxd2 Kxb5 $17)
35... dxe2 36. Bf2 (36. Rc2 Re4 37. Be1 Kxb5 $17) 36... Rc4 $1 $19 37. Bxc5+ {
The end of this line I have seen rather fast.} ({I was more worried about} 37.
Rxc4 Bxf2 38. Rc1 e1=Q 39. Rxe1 Bxe1 40. Kh3 Kxb5 41. Kg4 Kc4 42. Kh5 Kd5 43.
Kxh6 Bxh4 44. Kg7 Bg3 $1 $19 {and Black wins.}) 37... Kxc5 38. Re1 Re4 39. Kg3
Kd4 40. Kf2 Kd3 41. g3 Kd2 {After this everything is forced and White's king
is checkmated. Another tournament win for the Oldman!} (41... Kd2 42. a4 Re3 $1
43. a5 Rf3+ 44. Kxf3 Kxe1 45. b6 Kf1 46. bxa7 e1=Q 47. a8=Q Qe2#) 0-1

[Event "Cappelle op 16th"]
[Site "Cappelle la Grande"]
[Date "2000.02.23"]
[Round "6"]
[White "Atalik, Suat"]
[Black "Volodin, Viktor Nikolaevich"]
[Result "1-0"]
[WhiteElo "2575"]
[BlackElo "2317"]
[Annotator "Atalik,S"]
[PlyCount "73"]
[EventDate "2000.02.19"]
[EventType "swiss"]
[EventRounds "9"]
[EventCountry "FRA"]
[SourceTitle "CBM 074 Extra"]
[Source "ChessBase"]
[SourceDate "2000.03.10"]
[SourceVersion "2"]
[SourceVersionDate "2000.03.10"]
[SourceQuality "1"]

1. d4 d5 2. c4 e6 3. Nf3 Nf6 4. Nc3 c6 {Once again the boring Meran.Actually
all of these long lines and the fact that there is nothing wrong for black in
them pushed me to come along with something not that much of theoretical
importance.} 5. Qb3 $5 dxc4 6. Qxc4 b5 7. Qd3 {Although this has been
considered better GM Kharlov's choice is in the other direction.} (7. Qb3 Nbd7
8. Bg5) 7... Be7 {When my opponent has chosen this I was really surprised.} (
7... a6 8. e4 c5 9. dxc5 Qxd3 10. Bxd3 Bxc5 11. e5 Nfd7 12. Be4 Ra7 13. Bf4 $14
) (7... Ba6 8. Ne4 $1 Qa5+ 9. Bd2 b4 10. Nxf6+ gxf6 11. Qc2 Be7 12. a3 $14) (
7... Nbd7 8. e4 b4 9. Na4 Bb7 10. Be2 Qa5 11. b3 c5 12. e5 Nd5 13. O-O Rc8 14.
Bd2 Be7 15. Rac1 O-O 16. Qb5 $1 $14 {M.Umansky-Dreev, URS-sf Russia- ch 1989.})
(7... Bb7 8. e4 (8. a3 a6 9. e4 c5 10. e5 {is another option.}) 8... b4 9. Na4
Qa5 10. b3 Nbd7 11. Be2 {is transposing to the line considered above.}) 8. a3 {
looks like the move which can take the biggest benefit from blacks' last.} O-O
9. e4 b4 $146 (9... a6 10. Bg5 Nbd7 11. e5 $8 $36) 10. axb4 Bxb4 11. Bg5 Qb6 (
11... h6 12. Bh4 Be7 13. Be2 $14) 12. Bxf6 gxf6 13. Be2 (13. Qe3 Be7 $5 $132 {
xb2}) (13. e5 Nd7) 13... Ba6 $2 {This does not result in anything positive for
black.} (13... c5 14. O-O (14. d5 $6 Ba6 15. Rxa6 Nxa6 16. Qxa6 Bxc3+ 17. bxc3
Qb1+ 18. Bd1 Qxe4+ $17) (14. dxc5 Bxc5 15. O-O $14) 14... cxd4 15. Nxd4 Rd8 16.
Rfd1 $5 {And eventually the white queen will swing to kingside.}) 14. Rxa6 Nxa6
15. Qxa6 Bxc3+ 16. bxc3 Qb1+ 17. Bd1 Qxe4+ 18. Qe2 Qxe2+ 19. Kxe2 c5 20. dxc5
Rfc8 21. Kd3 $1 {After a series of forced moves it is clear that white's cP
will play a major role.} Rxc5 22. c4 Rd8+ 23. Kc3 Rdc8 24. Nd2 f5 (24... Ra5
25. Bc2 Ra2 26. Rb1) 25. Bc2 Kg7 26. Bd3 Kf6 $6 (26... h5 27. Nb3 R5c7 28. h4
$16) 27. g4 $1 a5 $2 (27... Ra5 28. gxf5 exf5 29. Rb1 (29. f4 $2 Ra3+ 30. Nb3
Rb8 31. Rb1 a5 32. Kc2 Ra2+ 33. Kc3 Ra3 $11) 29... Rg8 30. Bf1 Ra3+ 31. Kb2 Ra6
32. Nb3 $16) 28. Ra1 (28. gxf5 exf5 29. Ra1 Rg8 30. Nb3 Re5 31. f4 Re6 32. Rxa5
$18) 28... fxg4 29. Ne4+ Ke5 30. Nxc5 Rxc5 31. Rb1 $1 $18 (31. Bxh7 $6 f5 32.
Bg6 Rc8 $44) 31... Kf4 (31... f5 32. Rb5 Kd6 33. Kd4 e5+ 34. Kc3 e4 35. Bc2
Rxb5 36. cxb5 Kc5 37. b6 Kxb6 38. Kd4 Kb5 39. Ke5 $18) (31... h5 32. Rb7 f6 33.
Rh7 Kd6 34. Bg6 f5 35. Rxh5 a4 36. Kb4 a3 37. Rh8 Re5 38. Rd8+ Ke7 39. Rd2 $18)
32. Rb5 Rc7 33. Rxa5 Kf3 34. Bxh7 Kxf2 35. Bg8 g3 36. hxg3 Kxg3 37. Rg5+ 1-0